A Comparative Study Of Batik And Kalamkari Paintings: (Record no. 196867)

MARC details
000 -LEADER
fixed length control field 00665nam a22001817a 4500
005 - DATE AND TIME OF LATEST TRANSACTION
control field 20230904114517.0
010 ## - LCCN (DPL NO)
LC control number ENG-137732
020 ## - INTERNATIONAL STANDARD BOOK NUMBER
Terms of availability 500.00
International Standard Book Number 9789390627547
035 ## - SYSTEM CONTROL NUMBER
System control number EN-121264
037 ## - SOURCE OF ACQUISITION
Source of stock number/acquisition DBAD/PUB
082 ## - DEWEY DECIMAL CLASSIFICATION NUMBER
Classification number 746.6
100 ## - MAIN ENTRY--PERSONAL NAME
Personal name Samyukta,Priti
245 ## - TITLE STATEMENT
Title A Comparative Study Of Batik And Kalamkari Paintings:
Remainder of title With Special ReferenceTo Telegana And Andhra Pradesh/
Statement of responsibility, etc by Priti Samyukta
Medium English
260 ## - PUBLICATION, DISTRIBUTION, ETC. (IMPRINT)
Place of publication, distribution, etc Gujarat
Name of publisher, distributor, etc Krishna Publication House
Date of publication, distribution, etc 2021
270 ## - ADDRESS
City Gujarat
Address No.303, YashKunj Apartment, Devbuag, Anantwadi,Bhavnagar
Postal code 364002
300 ## - PHYSICAL DESCRIPTION
Extent 266p.
Dimensions 20cm(pbk)
Other physical details Illustrated
942 ## - ADDED ENTRY ELEMENTS (KOHA)
Source of classification or shelving scheme Dewey Decimal Classification
Item type English Books
Classification part 746.6
Call number suffix SAM
Holdings
Withdrawn status Lost status Not for loan Collection code Home library Current library Date acquired Source of acquisition Cost, normal purchase price Full call number Barcode Copy number Cost, replacement price Koha item type
      Non-fiction Kadipur Kadipur 04/08/2023 DBAD/PUB 500.00 746.6 SAM EN-121264 1 500.00 English Books

© Delhi Public Library
Hit Counter
free hit counter